التوثيق الاعلامى فى الصحافة - الاذاعة - وكالات الانباء / (Record no. 61804)
[ view plain ]
| 000 -الفاتح | |
|---|---|
| حقل البيانات ثابتة الطول | 01301nam a22003137a 4500 |
| 005 - وقت وتاريخ اخر تعامل مع التسجيلة | |
| رقم الضبط | 20240530110517.0 |
| 008 - عناصر البيانات ثابتة الطول - معلومات عامة | |
| حقل البيانات ثابتة الطول | 160207s2012 ua a g 000 0 ara d |
| 017 ## - رقم الايداع القانونى | |
| رقم الايداع القانونى | 2011/10055 |
| المصدر ( الهيئة المختصة) | مصر . دار الكتب المصرية |
| 020 ## - الرقم الدولى المعيارى للكتب | |
| الرقم الدولى المعيارى للكتاب | 9771027107 |
| 040 ## - مصدر الفهرسة | |
| وكالة الفهرسة الأصلية | EG-CaGPL |
| 082 04 - رقم تصنيف ديوى العشرى | |
| رقم الطبعة | 21 |
| رقم التصنيف | 001.5\ |
| رقم المادة | ع ت |
| 100 0# - المدخل الرئيسى - إسم شخصى | |
| الإسم الشخصى | عبدالتواب مصطفى . |
| 245 12 - بيان العنوان | |
| العنوان | التوثيق الاعلامى فى الصحافة - الاذاعة - وكالات الانباء / |
| بيان المسئوليه,etc | تاليف عبدالتواب مصطفى ( واخ ... ) . |
| 250 ## - بيان الطبعة | |
| بيان الطبعة | ط1. |
| 260 ## - PUBLICATION, DISTRIBUTION, ETC. (IMPRINT) | |
| تاريخ النشر أو التوزيع | 2012 . |
| 300 ## - الوصف المادى | |
| التعداد | 203 ص ؛ |
| أبعاد الوعاء | 24 سم . |
| 490 0# - بيان السلسلة | |
| عنوان السلسلة | الاعلام فى القرن الحادى و العشرين ؛ الكتاب الثالث . |
| 504 ## - تبصرة ببليوجرافية | |
| تبصرة ببليوجرافية,الخ | يشتمل على ارجاعات ببليوجرافية |
| 650 04 - المدخل الاضافى بالموضوع-مصطلح موضوعى | |
| مصطلح موضوعي | التوثيق الاعلامى . |
| 650 04 - المدخل الاضافى بالموضوع-مصطلح موضوعى | |
| مصطلح موضوعي | الصحافة |
| التقسيم الفرعي العام | توثيق . |
| 650 04 - المدخل الاضافى بالموضوع-مصطلح موضوعى | |
| مصطلح موضوعي | وكالات الانباء . |
| 650 04 - المدخل الاضافى بالموضوع-مصطلح موضوعى | |
| مصطلح موضوعي | الاذاعة . |
| 650 04 - المدخل الاضافى بالموضوع-مصطلح موضوعى | |
| مصطلح موضوعي | الصحافة . |
| 700 0# - المدخل الاضافى - اسم شخصى | |
| الإسم الشخصى | امل خطاب |
| الدور | مؤلف مشارك . |
| 700 0# - المدخل الاضافى - اسم شخصى | |
| الإسم الشخصى | حسام الهامى |
| الدور | مؤلف مشارك . |
| 700 0# - المدخل الاضافى - اسم شخصى | |
| الإسم الشخصى | طلعت غنيم حسن |
| الدور | مؤلف مشارك . |
| 942 ## - عناصر المدخل الإضافي( كوها) | |
| مصدر التصنيف او مخطط الترفيف | Dewey Decimal Classification |
| Koha [default] item type | كتاب |
| 260 ## - PUBLICATION, DISTRIBUTION, ETC. (IMPRINT) | |
| -- | القاهرة : |
| -- | دار الفكر العربى ، |
| حالة التراجع | حالة الفقد | حالة تلف | ليس للاعارة | المكان المؤقت | الموقع الحالى | تاريخ الاكتساب | اجمالي اﻻعارات | رقم الطلب | الباركود | تاريخ اخر مشاهدة | تاريخ تفعيل السعر | نوع وعاء كوها |
|---|---|---|---|---|---|---|---|---|---|---|---|---|
| مكتبة القاهرة الكبرى | مكتبة القاهرة الكبرى | 02/07/2016 | 001.5\ ع ت | 161222 | 02/07/2016 | 02/07/2016 | كتاب |

